Manažment 2001 konkurenčná výhoda podnikov na Slovensku
Saved in:
| Corporate Authors: | , , |
|---|---|
| Other Authors: | , |
| Format: | Book |
| Language: | Slovak Czech |
| Published: |
Bratislava
Vydavateľstvo EKONÓM
2001
|
| Subjects: | |
| Tags: |
No Tags, Be the first to tag this record!
|
MARC
| LEADER | 00000nam a2200000 4500 | ||
|---|---|---|---|
| 001 | c125154 | ||
| 005 | 20240104092317.6 | ||
| 020 | |a 80-225-1399-7 | ||
| 041 | 0 | |a slo | |
| 041 | 0 | |a cze | |
| 044 | |a SK | ||
| 245 | 1 | 0 | |a Manažment 2001 |b konkurenčná výhoda podnikov na Slovensku |c zostavili: Ján Porvazník, Mária Lukáčová |
| 264 | 1 | |a Bratislava |b Vydavateľstvo EKONÓM |c 2001 | |
| 300 | |a 165 s. | ||
| 610 | 2 | 0 | |a manažment |
| 610 | 2 | 0 | |a výhody konkurenčné |
| 610 | 2 | 0 | |a podnik |
| 610 | 2 | 0 | |a spolupráca medzinárodná |
| 610 | 2 | 0 | |a konkurencia |
| 610 | 2 | 0 | |a kooperácia |
| 610 | 2 | 0 | |a zdroje ľudské |
| 610 | 2 | 0 | |a vlastníctvo |
| 610 | 2 | 0 | |a manažéri |
| 610 | 2 | 0 | |a systémy informačné |
| 610 | 2 | 0 | |a prostredie životné |
| 610 | 2 | 0 | |a technológie nové |
| 610 | 2 | 0 | |a rozhodovanie podnikové |
| 610 | 2 | 0 | |a riadenie personálne |
| 610 | 2 | 0 | |a paradigma |
| 610 | 2 | 0 | |a reklama |
| 610 | 2 | 0 | |a kompetencie |
| 610 | 2 | 0 | |a aliancie strategické |
| 610 | 2 | 0 | |a osobnosť |
| 610 | 2 | 0 | |a konflikty |
| 610 | 2 | 0 | |a kapitál ľudský |
| 610 | 2 | 0 | |a životopisy |
| 610 | 2 | 0 | |a komunikácia |
| 610 | 2 | 0 | |a potravinárstvo |
| 610 | 2 | 0 | |a náklady |
| 700 | 1 | |a Porvazník, Ján | |
| 700 | 1 | |a Lukáčová, Mária | |
| 110 | 2 | |a Manažment 2001. Medzinárodný vedecký seminár | |
| 710 | 2 | |a Fakulta podnikového manažmentu EU. Katedra manažmentu | |
| 710 | 2 | |a Centrum ďalšieho vzdelávania Ekonomickej univerzity v Bratislave | |